Black No. 1 Lyrics - Statistics

General Stats
  • This quiz has been taken 5 times
  • The average score is 13 of 25
Answer Stats
Lyrics % Correct
Black, black, black, black, {number one}
100%
She likes the {dark}
100%
The {Devil's} mark
100%
But will she {trick or treat}?
67%
{Dye em black}
67%
Every day is {Halloween}
67%
Her perfume smells like {burning leaves}
67%
{I bet} she will
67%
On her {milk-white} neck
67%
She's got a {date} at midnight
67%
She's in love with {herself}
67%
The {moon} is full
67%
With {Nosferatu}
67%
Yeah, you wanna go out cause it's {raining and blowing}
67%
You can't go out 'cause your {roots are showing}
67%
Ain't got {nothing on you}
33%
An {erotic funeral} for which she's dressed
33%
{Boo bitch} craft
33%
Now it's {All Hallow's Eve}
33%
She just {laughed}
33%
Well, when I {called her evil}
33%
And {clove cigarettes}
0%
Little {wolf skin boots}
0%
Oh baby, {Lily Munster}
0%
Well, {cast that spell} on me
0%
No matching quizzes found
Score Distribution
Percent of People with Each Score
Percentile by Number Answered
Your Score History
You have not taken this quiz